MARC

LEADER 00000nam0a2200000 4500
001 130465
005 20231031133913.0
020 |a RU  |b 80-80775 
035 |a (RuTPU)RU\TPU\book\141302 
090 |a 130465 
100 |a 20080205d1980 m y0rusy5003 ca 
101 0 |a rus 
102 |a RU 
105 |a a j 000zy 
200 1 |a Лыжный спорт  |e учебник  |f под ред. М. А. Аграновского 
210 |a Москва  |c Физкультура и спорт  |d 1980 
215 |a 368 с.  |c ил. 
610 1 |a лыжный спорт 
610 1 |a история 
610 1 |a теория 
610 1 |a обучение 
610 1 |a техника 
610 1 |a методика тренировки 
610 1 |a организация соревнований 
610 1 |a проведение соревнований 
610 1 |a тренерская деятельность 
610 1 |a лыжные гонки 
610 1 |a биатлон 
610 1 |a прыжки на лыжах с трамплина 
610 1 |a лыжное двоеборье 
610 1 |a горнолыжный спорт 
610 1 |a спортивные школы 
610 1 |a общеобразовательные школы 
610 1 |a высшие учебные заведения 
610 1 |a лыжные заповедники 
610 1 |a стадионы 
610 1 |a базы 
610 1 |a трамплины 
610 1 |a канатные дороги 
610 1 |a зимние трассы 
610 1 |a лыжные дорожки 
610 1 |a инвентарь 
610 1 |a учебники 
610 1 |a методика 
675 |a 795.1  |z rus 
702 1 |a Аграновский  |b М. А.  |g Мирон Андреевич  |4 340 
801 0 |a RU  |b RuMRKP  |c 19950704  |g psbo 
801 1 |a RU  |b 63413507  |c 20080205  |g PSBO 
801 2 |a RU  |b 63413507  |c 20150903  |g PSBO 
942 |c BK